Mixed Word: Common Bond XCVI Quiz Stats

 Plays Quiz Updated Mar 30, 2018

Score 0/25 Timer 03:00
3 Plays Today
Scrambled Word Answer % Correct
ALLBBall
99.7%
OPPPop
97.5%
IDLLid
96.1%
HISFFish
93.2%
AZLYLazy
93.2%
PRDODrop
92.9%
SROESore
92.2%
UCKBBuck
92%
HSUTShut
90.8%
PENOOpen
90.7%
ALCBKBlack
89.1%
LSHALash
87.9%
BWORBrow
87.2%
Scrambled Word Answer % Correct
SGSALGlass
83.6%
GHTSISight
82.9%
OSPTSpot
82.6%
LIPUBCPublic
81.1%
CKSOETSocket
79.3%
NAYCDCandy
79%
CHAPTPatch
76.2%
EVIPRATPrivate
71.1%
KEDANNaked
66.7%
CROOLColor
61.1%
Common Bond: Eye
56.7%
TEIWNSSWitness
54%

You're not logged in!

Compare scores with friends on all Sporcle quizzes.
OR
Log In

You Might Also Like...

Show Comments

Extras

Top Quizzes Today


Score Distribution

Your Account Isn't Verified!

In order to create a playlist on Sporcle, you need to verify the email address you used during registration. Go to your Sporcle Settings to finish the process.

Report this User

Report this user for behavior that violates our Community Guidelines.

Details: